| 000 | 01150cam a2200325 i 4500 | ||
|---|---|---|---|
| 999 |
_c200443906 _d62118 |
||
| 001 | 200443906 | ||
| 003 | TR-AnTOB | ||
| 005 | 20220930154436.0 | ||
| 007 | ta | ||
| 008 | 021025s1968 tu 000 0 tur d | ||
| 035 | _a(TR-AnTOB)200443906 | ||
| 040 |
_aBGZ _beng _erda _cBGZ _dTR-AnTOB |
||
| 041 | 1 |
_atur _heng |
|
| 050 | 4 |
_aHD1433 _b.T3719 1968 |
|
| 090 |
_aHD1433 _b.T3719 1968 |
||
| 245 | 1 | 0 |
_aTarım işletmelerinin planlamasında kullanılan bazı bütçe metodları / _cçev. Hasan Tahsin Erol. |
| 246 | 3 | 4 | _aVerimlilik yönünden tarım işletmelerinin planlamasında kullanılan bazı bütçe metodları. |
| 264 | 1 |
_aAnkara : _bMPM Tarım Şubesi, _c1968. |
|
| 300 |
_a66 pages ; _c23 cm |
||
| 336 |
_atext _btxt _2rdacontent |
||
| 337 |
_aunmediated _bn _2rdamedia |
||
| 338 |
_avolume _bnc _2rdacarrier |
||
| 650 | 7 |
_aTarım _xEkonomik yönleri _2etuturkob _9108033 |
|
| 650 | 7 |
_aTarım _xMuhasebe _2etuturkob _9132859 |
|
| 700 | 1 |
_aErol, Hasan Tahsin _etranslator _9127904 |
|
| 710 | 2 |
_aMilli Prodüktivite Merkezi (Turkey). _bTarım Şubesi _9130325 |
|
| 942 |
_2lcc _cBK |
||